Normal view
MARC view
Entry Personal Name
001 - CONTROL NUMBER
- control field: 43983
003 - CONTROL NUMBER IDENTIFIER
- control field: ARRUPE
005 - DATE AND TIME OF LATEST TRANSACTION
- control field: 20190111101723.0
008 - FIXED-LENGTH DATA ELEMENTS
- fixed length control field: 190111|| aca||aabn | a|a d
040 ## - CATALOGING SOURCE
- Original cataloging agency: ARRUPE
- Transcribing agency: ARRUPE
100 ## - HEADING--PERSONAL NAME
- Personal name: Burrows, Millar
670 ## - SOURCE DATA FOUND
- Source citation: Work cat.: (ARRUPE)51989: Burrows, Millar, The dead Sea scrolls, 1956